Responses for Show #8539 - Thursday, December 23, 2021

Amy Schneider game 17.

Contestants

[<< previous game]

Andrew Tyler, an orthopedic surgeon from Friendswood, Texas

Kelly Hartman, a retired librarian from Powell, Ohio

Amy Schneider, an engineering manager from Oakland, California (whose 16-day cash winnings total $631,400)

[next game >>]

Jeopardy! Round responses

SEASONINGS GREETINGS
NATIONAL NATURAL LANDMARKS
FROM THE U.S. CITIZENSHIP TEST
THOMAS HOBBES
NASTY, BRITISH
"SHORT"
    $200 30
paprika

Amy
    $200 29
a crater

Andrew
    $200 14
the Speaker of the House

Amy
    $200 1
war

Kelly
    $200 28
Downton Abbey

Andrew
    $200 9
shortchange

Andrew
    $400 22
coriander

Amy
    $400 23
dinosaurs

Amy
    $400 15
Franklin

Kelly
    $400 5
church & state

Amy
    $400 27
Rogue One

Amy
    $400 10
a short order cook

Amy
    $600 21
mulled

Kelly
    $4,000 24
California

Amy
    $600 18
checks and balances

Kelly
    $600 6
the body politic

Amy
    $600 4
(Idris) Elba

Amy
    $600 11
shortstop

Amy
    $800 17
Himalayan (pink) salt

Amy
    $800 25
Diamond Head

Amy
    $800 19
27

Triple Stumper
    $800 7
Leviathan

Amy
    $800 2
Outlander

Kelly
    $800 12
short shorts

Amy
    $1000 16
saffron

Kelly
    $1000 26
caves

Kelly
    $1000 20
(Amy: What are the Northern Marianas? Mariana Islands?)
[NOTE: Ken seemed to be calling Amy's first response correct at the same time she gave the second response.]

the Northern Mariana Islands

Amy
    $1000 8
optics

Amy
    $1000 3
Coronation Street

Andrew
    $1000 13
The Short Happy Life

Amy

Scores at the first commercial break (after clue 15):

Amy Kelly Andrew
$6,400 $1,400 $1,200

Scores at the end of the Jeopardy! Round:

Amy Kelly Andrew
$14,400 $4,600 $1,600

Double Jeopardy! Round responses

THAT'S QUITE A COUP
BUILT IN THE 1800s
FIRST AMONG SEQUELS
ANIMALS IN CHILDREN'S BOOKS
(Ken: You'll tell us what kind of animal each one is.)
COMMUNICATIONS TECHNOLOGY
5,5
(Ken: Each correct response will consist of two words of five letters each.)
    $400 30
Napoleon

Andrew
    $400 29
London

Kelly
    $400 28
Bill & Ted's Excellent Adventure

Andrew
    $400 1
a bull

Amy
    $400 20
FaceTime

Amy
    $400 15
a paper route

Andrew
    $800 11
Turkey

Kelly
    $800 7
(Andrew: Who is Madison?)

Thomas Jefferson

Andrew
Triple Stumper
    $800 25
Gene Hackman

Andrew
    $800 2
a pig

Andrew
    $800 21
courtesy

Amy
    $800 16
laugh lines

Amy
    $1200 12
Siam

Amy
    $1200 8
Trinity

Amy
    $1200 6
Aliens

Amy
    $1200 3
a bat

Amy
    $1200 22
a hearing aid

Amy
    $1200 17
whole cloth

Amy
    $1600 13
(Ken: That's correct, in Burma.)

Aung San Suu Kyi

Andrew
    $1600 9
Neuschwanstein

Amy
    $1600 26
(Andrew: What is Day of the Living Dead?)
(Amy: What is Dawn of the Living Dead?)

Dawn of the Dead

AmyKellyAndrew
    $1600 4
(Andrew: What is a goose?)
...
(Ken: Yes! Children's librarian, stepping up.)

a trumpeter swan

KellyAndrew
    $1600 23
a transponder

Andrew
    $4,000 18
(Ken: Yes, reduced to 55.)

speed limit

Amy
    $2000 14
Suharto

Amy
    $4,000 10
the Reichstag

Amy
    $2000 27
2 Fast 2 Furious

Amy
    $2000 5
a gorilla

Kelly
    $2000 24
(Kelly: What's a generator?)

a transistor radio

Kelly
Triple Stumper
    $2000 19
Inner Peace

Amy

Scores at the end of the Double Jeopardy! Round:

Amy Kelly Andrew
$38,000 $9,000 $3,600
(lock game)

[wagering suggestions for these scores]

Final Jeopardy! Round responses

THE EARLY UNITED STATES
(Ken: [To Andrew] Alexander Hamilton himself wrote those words.)
AndrewWhat are The Federalist Papers?
$3,600
KellyWhat are the Madison Papers?
$1,799
AmyWhat are the Federalist Papers?
$18,000
The Federalist Papers

Final scores:

Amy Kelly Andrew
$56,000 $7,201 $7,200
17-day champion: $687,400 2nd place: $2,000 3rd place: $1,000

Game dynamics:

Coryat scores:

Amy Kelly Andrew
$30,200 $9,000 $3,600
34 R
(including 3 DDs),
1 W
12 R,
1 W
11 R,
3 W

Combined Coryat: $42,800

[game] [game scores] [suggest correction]

Game tape date: 2021-10-11
The J! Archive is created by fans, for fans. Scraping, republication, monetization, and malicious use prohibited; this site may use cookies and collect identifying information. See terms. The Jeopardy! game show and all elements thereof, including but not limited to copyright and trademark thereto, are the property of Jeopardy Productions, Inc. and are protected under law. This website is not affiliated with, sponsored by, or operated by Jeopardy Productions, Inc. Join the discussion at JBoard.tv.